000 00485nam a22001817a 4500
003 OSt
005 20140310182024.0
008 130802t xxu||||| |||| 00| 0 eng d
020 _a0789558416
050 _aT 61
_b.Sh545 2000
082 _aTR 025.524
_bSh3 2000
245 _aTeachers discovering hyper studio
_cGary B. Shelly
260 _aAustralia :
_bCourse technology,
_cc2000.
300 _bill. col :
_c28 cm.
541 _j1
562 _e1
942 _2lcc
_cBK-TR
_kTR
999 _c8438
_d8438